[Event "ITT Ricardo Lettieri"]
[Site "Pinamar ARG"]
[Date "2005.03.16"]
[Round "9"]
[White "Cubas,Jo"]
[Black "Needleman,A"]
[Result "1/2-1/2"]
[WhiteElo "2401"]
[BlackElo "2400"]

1.e4 c5 2.Nf3 e6 3.d4 cxd4 4.Nxd4 Nc6 5.Nc3 Qc7 6.Be3 a6 7.Bd3 Nf6 8.O-O Bd6
9.Nxc6 bxc6 10.f4 e5 11.f5 Be7 12.Qf3 Bb7 13.Rae1 O-O 14.Qg3 Kh8 15.Qh3 d5
16.Na4 c5 17.exd5 c4 18.Be2 Nxd5 19.Bf3 Rab8 20.Bc1 Nb4 21.Bh5 Bf6 22.Re2 Kg8
23.Nc3 Rfd8 24.a3 Nc6 25.Ne4 Qb6+ 26.Be3 Nd4 27.Nxf6+ Qxf6 28.Ref2 Be4 29.Qg4 Bxc2
30.Bg5 Qd6 31.Bxd8 Qxd8 32.Bxf7+ Kxf7 33.Rxc2 Nxc2 34.Qxc4+ Kf6 35.Qc6+ Kg5
36.Qxc2 Qd4+ 37.Rf2 e4 38.Qc1+ e3 39.g3 Rc8 40.Qxc8 exf2+ 41.Kg2 f1=Q+  1/2-1/2

[Event "3rd Chiuso Hotel Petra"]
[Site "Rome ITA"]
[Date "2005.03.16"]
[Round "4"]
[White "Martorelli,A"]
[Black "Piscopo,P"]
[Result "0-1"]
[WhiteElo "2273"]
[BlackElo "2344"]

1.e4 c5 2.Nf3 e6 3.d4 cxd4 4.Nxd4 Nc6 5.Nc3 Qc7 6.Be2 a6 7.O-O Nf6 8.Be3 Bb4
9.Na4 Be7 10.c4 Nxe4 11.Bf3 Ng5 12.Nb6 Nxf3+ 13.Qxf3 Rb8 14.Nf5 O-O 15.Bf4 d6
16.Nh6+ Kh8 17.c5 Ne5 18.Qe3 Ng6 19.cxd6 Bxd6 20.Bxd6 Qxd6 21.Rfd1 Qb4 22.a3 Qh4
23.Qc5 gxh6 24.Qc7 Qf4 25.Rd6 Nh4 26.Rad1 Rg8 27.Qc3+ e5 28.R1d3 Rxg2+  0-1

[Event "II Copa ENTEL"]
[Site "Santiago CHI"]
[Date "2005.03.16"]
[Round "4"]
[White "Rojas,L"]
[Black "Leitao,R"]
[Result "1/2-1/2"]
[WhiteElo "2379"]
[BlackElo "2580"]

1.e4 c5 2.Nf3 Nc6 3.d4 cxd4 4.Nxd4 e6 5.Nc3 a6 6.Be2 d6 7.O-O Nf6 8.Be3 Be7
9.f4 Qc7 10.Kh1 O-O 11.Qe1 Nxd4 12.Bxd4 b5 13.a3 Bb7 14.Qg3 Bc6 15.Rae1 Qb7
16.Bd3 b4 17.Nd1 bxa3 18.bxa3 g6 19.Nf2 Nh5 20.Qe3 f6 21.Bc4 Ng7 22.Rb1 Qc8
23.Qe2 Kh8 24.Rb3 e5 25.Be3 Ne6 26.fxe5 fxe5 27.Rb6 Bb5 28.Bxb5 axb5 29.Qxb5 Rxa3
30.Bh6 Rd8 31.Rb7 Bf8 32.Ng4 Nc5 33.Rbf7 Bxh6 34.Nxh6 Ra8 35.Re7 Rd7 36.Ref7 Qa6
37.Qxa6 Rxa6 38.Rxd7 Nxd7 39.g4 g5 40.Nf7+ Kg7 41.Nxg5 Nc5 42.Re1 Ra4 43.Nf3 Nxe4
44.h3 Rc4 45.Kg1 h6 46.Re2 Ng5 47.Nxg5 hxg5 48.Rd2 Rc6 49.Rf2 Rc3 50.Rd2 Rxh3
51.Rxd6 Rg3+ 52.Kf2 Rxg4 53.Re6 Re4 54.Kf3 Kf7 55.Rc6 Rf4+ 56.Kg3 Rf6 57.Rc7+ Kg6
58.Kg4 Rf4+ 59.Kg3 Ra4 60.Re7 Kf5 61.Rf7+ Ke4 62.Rg7 Rc4 63.Rxg5 Rxc2 64.Rg8 Ke3
65.Ra8 e4 66.Ra3+ Kd4 67.Ra4+ Kd3 68.Ra3+ Rc3 69.Ra2 Rc2 70.Ra3+ Kd4 71.Ra4+ Rc4
72.Ra8 Rc2 73.Ra4+ Kd3 74.Ra3+ Rc3 75.Ra2 Ke3 76.Kg2 Rd3 77.Ra4 Rd4 78.Ra3+ Ke2
79.Ra2+ Rd2 80.Ra1 e3 81.Kg3 Rc2 82.Kg2 Kd2 83.Kf3 Rb2 84.Kg2 Kd3+ 85.Kf1 e2+
86.Ke1  1/2-1/2

[Event "78th ch-City"]
[Site "St Petersburg RUS"]
[Date "2005.03.17"]
[Round "1"]
[White "Solovjov,S"]
[Black "Klimov,S"]
[Result "1/2-1/2"]
[WhiteElo "2456"]
[BlackElo "2509"]

1.e4 c5 2.Nf3 e6 3.d4 cxd4 4.Nxd4 Nc6 5.Nc3 Qc7 6.Be3 Nf6 7.Qd2 Bb4 8.f3 Nxd4
9.Qxd4 Bxc3+ 10.bxc3 O-O 11.Qc5 Qb8 12.Bg5 d6 13.Qd4 e5 14.Qd2 Be6 15.Bxf6 gxf6
16.Bd3 Kh8 17.f4 Qc7 18.f5 Bc4 19.Qh6 Bxd3 20.Qxf6+ Kg8 21.Qg5+  1/2-1/2

[Event "ch-Privolzhsky Region"]
[Site "Ishevsk RUS"]
[Date "2005.03.18"]
[Round "3"]
[White "Fayzrakhmanov,R"]
[Black "Geller,J"]
[Result "0-1"]
[WhiteElo "2283"]
[BlackElo "2483"]

1.e4 c5 2.Nf3 e6 3.d4 cxd4 4.Nxd4 Nc6 5.Nc3 Qc7 6.g3 a6 7.Bg2 Nf6 8.O-O Nxd4
9.Qxd4 Bc5 10.Bf4 d6 11.Qd2 h6 12.Rad1 e5 13.Be3 Be6 14.Bxc5 dxc5 15.Qd6 Qxd6
16.Rxd6 Rd8 17.Rfd1 Rxd6 18.Rxd6 Ke7 19.Rd2 b5 20.f4 b4 21.Nd5+ Bxd5 22.fxe5 Bxa2
23.exf6+ gxf6 24.Bf1 a5 25.b3 Rd8 26.Rxd8 Kxd8 27.Kf2 Bb1 28.Bd3 a4 29.bxa4 b3
30.a5 bxc2  0-1

[Event "ch-Privolzhsky Region"]
[Site "Ishevsk RUS"]
[Date "2005.03.18"]
[Round "3"]
[White "Rodchenkov,S"]
[Black "Kalegin,E"]
[Result "1/2-1/2"]
[WhiteElo "2355"]
[BlackElo "2468"]

1.e4 c5 2.Nf3 e6 3.d4 cxd4 4.Nxd4 Nc6 5.Nc3 a6 6.Be2 Qc7 7.O-O Nf6 8.Be3 d6
9.f4 Bd7 10.Kh1 Be7 11.Qe1 O-O 12.Qg3 Kh8 13.Rae1 b5 14.a3 b4 15.axb4 Nxb4
16.e5 Nfd5 17.Nxd5 Nxd5 18.Bc1 dxe5 19.fxe5 f5 20.Rd1 Ra7 21.c3 Nb6 22.b3 Raa8
23.c4 Rad8 24.Bb2 Bc5 25.Bf3 a5 26.Nb5 Bxb5 27.cxb5 Rxd1 28.Rxd1 Rd8 29.Qe1 Bb4
30.Rxd8+ Qxd8 31.Qe3 g5 32.Qd4 Qc7 33.Bc6 h6 34.g3 Kg7 35.Kg2 Kf7 36.Qd1 Kg7
37.Qd3 Qe7 38.h3 a4 39.bxa4 Nxa4 40.Bd4 Bc5 41.Qc4 Qa7 42.Qxe6 Bxd4 43.Qf6+ Kh7
44.Qxf5+ Kg7 45.Qf6+ Kg8 46.Bd5+ Kh7 47.Bf7 Qa8+ 48.Kh2 Qe4 49.Bg8+ Kxg8
50.Qd8+ Kg7 51.Qd7+ Kg8 52.Qd8+ Kg7 53.Qd7+  1/2-1/2

[Event "ITT Ricardo Lettieri"]
[Site "Pinamar ARG"]
[Date "2005.03.18"]
[Round "11"]
[White "Di Berardino,D"]
[Black "Duarte,L"]
[Result "1-0"]
[WhiteElo "2358"]
[BlackElo "2252"]

1.e4 c5 2.Nf3 e6 3.d4 cxd4 4.Nxd4 Nc6 5.Nc3 Qc7 6.Be2 a6 7.O-O Nf6 8.Kh1 Be7
9.f4 d6 10.Be3 O-O 11.Qe1 Nxd4 12.Bxd4 b5 13.a3 Bb7 14.Qg3 Bc6 15.Bd3 Nh5
16.Qg4 Nf6 17.Qh3 e5 18.fxe5 dxe5 19.Qg3 Nd7 20.Rf5 Rac8 21.Be3 Kh8 22.Raf1 f6
23.Rh5 Rg8 24.Nd5 Bxd5 25.Rxh7+ Kxh7 26.exd5+ g6 27.Qh3+ Kg7 28.Bh6+ Kf7
29.Qe6+ Ke8 30.Qxg8+ Nf8 31.Bxg6+  1-0

[Event "US Amateur Team East"]
[Site "Parsippany USA"]
[Date "2005.03.19"]
[Round "2"]
[White "Schneider,Ig"]
[Black "Rohde,M"]
[Result "1/2-1/2"]
[WhiteElo "2320"]
[BlackElo "2506"]

1.e4 c5 2.Nf3 Nc6 3.Nc3 e6 4.d4 cxd4 5.Nxd4 Qc7 6.Be3 a6 7.Qd2 b5 8.f3 Nxd4
9.Bxd4 Ne7 10.O-O-O Nc6 11.Bf2 Qa5 12.Kb1 Bb4 13.Bg3 O-O 14.Bd6 Bxd6 15.Qxd6 b4
16.Ne2 Ra7 17.Nd4 Rc7 18.Be2 Qb6 19.Rd2 a5 20.Nb5 Rb7 21.Rhd1 a4 22.Qf4 b3
23.cxb3 axb3 24.a3 Rb8 25.Nd6 Ba6 26.Bxa6 Qxa6 27.Qe3 h6 28.Rd3 Qa4 29.Qc5 f6
30.Rc3 Kh7 31.Qc4 Qa7 32.Qd3  1/2-1/2

[Event "3rd Chiuso Hotel Petra"]
[Site "Rome ITA"]
[Date "2005.03.19"]
[Round "9"]
[White "Vuelban,V"]
[Black "Piscopo,P"]
[Result "1-0"]
[WhiteElo "2328"]
[BlackElo "2344"]

1.e4 c5 2.Nf3 e6 3.d4 cxd4 4.Nxd4 Nc6 5.Nc3 Nf6 6.Ndb5 d6 7.Bf4 e5 8.Bg5 a6
9.Bxf6 gxf6 10.Na3 b5 11.Nd5 f5 12.exf5 Bxf5 13.c3 Bg7 14.Nc2 O-O 15.Be2 Be6
16.O-O Qg5 17.Nce3 Rad8 18.a4 b4 19.Bxa6 bxc3 20.bxc3 f5 21.Bb7 Ne7 22.Nxe7+ Qxe7
23.Bd5 Kh8 24.Bxe6 Qxe6 25.Nd5 e4 26.f4 Rc8 27.Rc1 Rc4 28.Kh1 Rb8 29.Rf2 Bd4
30.Nc7 Qc8 31.cxd4 Qxc7 32.Rfc2 Rxc2 33.Rxc2 Qa7 34.h3 Qa6 35.d5 Qb6 36.Kh2 Qe3
37.Qa1+ Kg8 38.Rc3 Qxf4+ 39.Rg3+ Kf7 40.Qg7+ Ke8 41.Qg8+ Kd7 42.Qxb8 h5 43.Qa7+ Ke8
44.Qe3 Qe5 45.Qc3  1-0

[Event "11th Schloss Open"]
[Site "Werther GER"]
[Date "2005.03.19"]
[Round "3"]
[White "Klein,Fe"]
[Black "Hoffmann,Al1"]
[Result "0-1"]
[WhiteElo "2152"]
[BlackElo "2428"]

1.e4 c5 2.Nf3 Nc6 3.Nc3 e6 4.d4 cxd4 5.Nxd4 Nf6 6.Nxc6 bxc6 7.e5 Nd5 8.Nxd5 cxd5
9.Bd3 Qc7 10.Qe2 Bb4+ 11.Kf1 Be7 12.Bf4 Qb6 13.c3 a5 14.Be3 Bc5 15.Bxc5 Qxc5
16.h4 O-O 17.Kg1 f5 18.Rh3 Bb7 19.Rd1 Bc6 20.Kh1 Rab8 21.f4 d4 22.Bc4 dxc3
23.Rxc3 Qe7 24.Qf2 Be4 25.Kh2 Rfc8 26.Rdc1 d5 27.exd6 Qxd6 28.g3 Kh8 29.Bb3 Rxc3
30.bxc3 a4 31.Rd1 Qa6 32.Bc2 Ba8 33.Kh3 h6 34.g4 Qc4 35.gxf5 Qxc3+ 36.Rd3 Qc6
37.Rd1 Rf8 38.fxe6 Qxe6+ 39.f5 Qxa2 40.f6 Qe6+ 41.Kh2 Qe5+ 42.Kg1 gxf6 43.Bg6 Bc6
44.Rd3 f5 45.Qd2 f4 46.Qb4 Rb8 47.Qd2 Rb1+ 48.Kf2 Rb2 49.Rd8+ Kg7 50.Bc2  0-1

[Event "XXXXII Open"]
[Site "La Roda ESP"]
[Date "2005.03.23"]
[Round "1"]
[White "Iza Abete,A"]
[Black "De la Villa Garcia,J"]
[Result "0-1"]
[WhiteElo "2006"]
[BlackElo "2470"]

1.e4 c5 2.Nf3 e6 3.d4 cxd4 4.Nxd4 Nc6 5.Nc3 Qc7 6.Be2 a6 7.a3 Nf6 8.O-O b5
9.Nxc6 dxc6 10.Be3 e5 11.f3 Be6 12.Qe1 Be7 13.Qf2 Nd7 14.Rfd1 O-O 15.g3 h6
16.f4 exf4 17.gxf4 f5 18.e5 Kh7 19.h4 g6 20.Bf3 Rac8 21.Ne2 c5 22.Nc3 Nb6
23.Nd5 Nxd5 24.Bxd5 Bxd5 25.Rxd5 Rcd8 26.Rad1 Rxd5 27.Rxd5 Rd8 28.Rd2 Rxd2
29.Bxd2 Qd8 30.Be1 Qd5 31.Kh2 g5 32.hxg5 hxg5 33.Bc3 Kg6 34.fxg5 Bxg5 35.Qg3 Qe4
36.Qd3 Bf4+ 37.Kg1 Qxd3 38.cxd3 Kf7 39.b4 c4 40.d4 Ke6 41.Kf2 Kd5 42.Kf3 Bc1
43.Kg3 Ke6 44.Kh4 Bxa3 45.Kg5 Bc1+ 46.Kg6 Bf4 47.d5+ Kxd5 48.Kxf5 Bh6 49.Kf6 Bf8
50.Kf7 Bxb4 51.e6 Bc5 52.Ba5 Ba3 53.Bc3 Bd6  0-1

[Event "78th ch-City"]
[Site "St Petersburg RUS"]
[Date "2005.03.23"]
[Round "7"]
[White "Yemelin,V"]
[Black "Klimov,S"]
[Result "1/2-1/2"]
[WhiteElo "2555"]
[BlackElo "2509"]

1.e4 c5 2.Nf3 e6 3.d4 cxd4 4.Nxd4 Nc6 5.Nc3 Qc7 6.Be2 Nf6 7.O-O a6 8.Be3 Bb4
9.Na4 Be7 10.Nxc6 bxc6 11.Nb6 Rb8 12.Nxc8 Qxc8 13.e5 Nd5 14.Bc1 Bc5 15.Qd3 O-O
16.b3 Qc7 17.Bb2 a5 18.g3 a4 19.Rad1 axb3 20.axb3 Rfd8 21.Bf3 Ra8 22.Qc4 Qb6
23.c3  1/2-1/2

[Event "XXXXII Open"]
[Site "La Roda ESP"]
[Date "2005.03.24"]
[Round "3"]
[White "Ibarra Jerez,JC"]
[Black "Delchev,A"]
[Result "1/2-1/2"]
[WhiteElo "2434"]
[BlackElo "2597"]

1.e4 c5 2.Nf3 e6 3.d4 cxd4 4.Nxd4 Nc6 5.Nc3 Qc7 6.Be3 a6 7.Qd2 Nf6 8.O-O-O Bb4
9.f3 Ne5 10.Nb3 b5 11.Qe1 Be7 12.f4 Ng6 13.e5 Ng4 14.Ne4 O-O 15.Bd3 Bb7 16.Bd2 f5
17.exf6 Nxf6 18.g3 Rac8 19.Kb1 e5 20.Rf1 Nxe4 21.Bxe4 Bxe4 22.Qxe4 Qc4 23.Qxc4+ bxc4
24.Nc1 exf4 25.gxf4 d5 26.Ne2 Nh4 27.Bc3 Nf5 28.Rf3 Rcd8 29.b3 Bc5 30.Nd4 Rde8
31.Nxf5 Rxf5 32.bxc4 dxc4 33.Rd7 Re7 34.Rxe7 Bxe7 35.Re3 Kf7 36.Bxg7 Rxf4
37.Be5 Rf5 38.a4 Bc5 39.Re4 Ke6 40.Bc3+ Kd5 41.Re8 Rh5 42.Ra8 Rh6 43.Kb2 Rb6+
44.Ka2 Rd6 45.Rg8 Rg6 46.Rd8+ Rd6 47.Rg8 Rh6 48.Rg5+ Kc6 49.Be5 Be3 50.Rg3 Bc1
51.h3 Kd5 52.Bc3 Bf4 53.Rg4 Rxh3 54.Rxf4 Rxc3 55.Kb2 Re3 56.Rh4 Kc5 57.Rxh7 Kb4
58.Rh4 a5 59.Rg4 Re5 60.c3+  1/2-1/2

[Event "Norwegian Open"]
[Site "Oslo NOR"]
[Date "2005.03.24"]
[Round "6"]
[White "Senff,M"]
[Black "Solberg,J"]
[Result "1-0"]
[WhiteElo "2430"]
[BlackElo "2162"]

1.e4 c5 2.Nf3 e6 3.Nc3 Nc6 4.d4 cxd4 5.Nxd4 a6 6.Be3 Qc7 7.Bd3 b5 8.Nxc6 dxc6
9.O-O Nf6 10.f4 Bb7 11.e5 Nd5 12.Nxd5 cxd5 13.Qe2 Rc8 14.Kh1 Be7 15.Bd4 g6
16.c3 Bc5 17.Qe3 Qb6 18.g4 h5 19.f5 hxg4 20.fxg6 Rh3 21.g7 Kd7 22.Rxf7+ Kc6
23.Bxc5 Qxc5 24.Qxc5+ Kxc5 25.Rxb7 Rxd3 26.Rc7+  1-0

[Event "43rd Doeberl Cup"]
[Site "Canberra AUS"]
[Date "2005.03.25"]
[Round "1"]
[White "Stojic,D"]
[Black "Bjelobrk,I"]
[Result "0-1"]
[WhiteElo "2036"]
[BlackElo "2377"]

1.e4 c5 2.Nf3 e6 3.d4 cxd4 4.Nxd4 Nc6 5.Nc3 Qc7 6.Be2 a6 7.O-O Nf6 8.Be3 Bb4
9.Na4 O-O 10.Nxc6 bxc6 11.Nb6 Rb8 12.Nxc8 Rfxc8 13.Bxa6 Rd8 14.Bd3 Bd6 15.f4 e5
16.f5 Rxb2 17.g4 Qa5 18.g5 Bc5 19.gxf6 Bxe3+ 20.Kh1 Rxa2 21.Rxa2 Qxa2 22.fxg7 Qa5
23.f6 Qd2 24.Qh5 Bf4 25.Bc4 d5 26.Bd3 h6 27.Rg1 Qe3 28.exd5 e4 29.Bc4 Qd4
30.Bb3 cxd5 31.Rd1 Qf2 32.Rg1 Be3 33.Rd1 Qxf6 34.Bxd5 Rxd5 35.Qe2 Rxd1+ 36.Qxd1 Qf3+  0-1

[Event "XXVIII Open"]
[Site "San Sebastian ESP"]
[Date "2005.03.25"]
[Round "8"]
[White "Gonzalez de la Torre,S"]
[Black "Manso Marquez,F"]
[Result "1/2-1/2"]
[WhiteElo "2384"]
[BlackElo "2091"]

1.e4 c5 2.Nf3 e6 3.d4 cxd4 4.Nxd4 Nc6 5.Nc3 a6 6.Be2 Qc7 7.O-O b5 8.Nxc6 Qxc6
9.e5 Bb7 10.Bf3 Qc7 11.Bf4 Ne7 12.Ne4 Bxe4 13.Bxe4 Rd8 14.Bg3 Ng6 15.f4 d6
16.Qf3 d5 17.Bd3 Bc5+ 18.Kh1 O-O 19.f5 exf5 20.Qxf5 Qa7 21.h4 Rfe8 22.h5 Nf8
23.Rf3 Qd7 24.a4 Qxf5 25.Rxf5 b4 26.Bxa6 Re6 27.Bb5 Bd4 28.a5 g6 29.Rf3 Bxb2
30.Ra4 Bxe5 31.Bxe5 Rxe5 32.hxg6 hxg6 33.a6 Ra8 34.Bc6 Ra7 35.Bb7 Ne6 36.Rxb4 Nc5
37.Ra3 Re7 38.Bxd5 Rxa6 39.Rxa6 Nxa6 40.Rb6 Nc7 41.Rxg6+ Kh7 42.Rd6 Nxd5
43.Rxd5 Rc7 44.Rd2 f5 45.Kg1 Kg6 46.Kf1 Kg5 47.Kf2 Kf4 48.Re2 Rc3 49.Ke1 Kg3
50.Kd2 Rc8 51.c3 f4 52.Kc2 Ra8 53.Kb2 Rh8 54.c4 Rh2 55.Rc2  1/2-1/2

[Event "43rd Doeberl Cup"]
[Site "Canberra AUS"]
[Date "2005.03.26"]
[Round "3"]
[White "Johansen,D"]
[Black "Xie,G"]
[Result "1-0"]
[WhiteElo "2471"]
[BlackElo "2359"]

1.e4 c5 2.Nc3 e6 3.Nge2 Nc6 4.d4 cxd4 5.Nxd4 Nf6 6.Nxc6 bxc6 7.e5 Nd5 8.Ne4 Qc7
9.f4 Qa5+ 10.c3 Be7 11.Bd3 Qb6 12.Qe2 a5 13.a3 Ba6 14.Bxa6 Qxa6 15.Qxa6 Rxa6
16.c4 Nb6 17.b3 f5 18.Nd2 Bc5 19.Ke2 g5 20.Nf3 g4 21.Ne1 Rg8 22.Ra2 Be7 23.Rc2 c5
24.Nd3 d5 25.exd6 Bxd6 26.Be3 Nd7 27.Rb1 Ke7 28.b4 axb4 29.axb4 Rb8 30.Rbb2 Rc8
31.bxc5 Nxc5 32.Bxc5 Bxc5 33.Rb7+ Kf6 34.Ne5 Be7 35.c5 g3 36.hxg3 Ra3 37.Kf2 Rg8
38.c6 Raxg3 39.Kf1 Ra3 40.c7 Ra1+ 41.Kf2 Bc5+ 42.Rxc5 Ra2+ 43.Ke3 Rgxg2 44.Nd3  1-0

[Event "ch-EU"]
[Site "Cork IRL"]
[Date "2005.03.26"]
[Round "5"]
[White "Ziatdinov,R"]
[Black "Arakhamia,K"]
[Result "1-0"]
[WhiteElo "2441"]
[BlackElo "2454"]

1.e4 c5 2.Nf3 e6 3.d4 cxd4 4.Nxd4 Nc6 5.Nc3 Qc7 6.Be3 a6 7.Qd2 Nf6 8.O-O-O Bb4
9.f3 Ne5 10.g4 h6 11.h4 b5 12.Rg1 Bb7 13.g5 hxg5 14.hxg5 Bxc3 15.Qxc3 Qxc3
16.bxc3 Nh5 17.Kd2 Rc8 18.a4 bxa4 19.Rb1 Rc7 20.f4 Ng6 21.f5 Ne5 22.Be2 g6
23.f6 O-O 24.Bxh5 gxh5 25.Bf4 d6 26.g6 fxg6 27.Bxe5 dxe5 28.Nxe6 Rd7+ 29.Ke3 Rxf6
30.Nc5 Rc7 31.Nxb7 Rxc3+ 32.Kd2 Rc7 33.Rg2 Kg7 34.Rb4 a3 35.Na5 Rd6+ 36.Ke1 Rcd7
37.Nb3 Rd1+ 38.Ke2 Rb1 39.Rb6 Rb2 40.Rgxg6+ Kf7 41.Rgc6 Ra7 42.Kd2 a5 43.Ra6 Rb7
44.Kc1  1-0

[Event "ch-EU"]
[Site "Cork IRL"]
[Date "2005.03.26"]
[Round "5"]
[White "D'Costa,L"]
[Black "Roos,M GER"]
[Result "1-0"]
[WhiteElo "2356"]
[BlackElo "2365"]

1.e4 c5 2.Nf3 e6 3.d4 cxd4 4.Nxd4 Nc6 5.Nc3 Qc7 6.g3 a6 7.Bg2 Nf6 8.O-O Nxd4
9.Qxd4 Bc5 10.Qd3 O-O 11.Bf4 d6 12.Rad1 e5 13.Bg5 Be6 14.Bxf6 gxf6 15.Nd5 Bxd5
16.exd5 f5 17.Qxf5 f6 18.Bh3 Qg7 19.Qe4 f5 20.Bxf5 Rf6 21.Qg4 Raf8 22.Qxg7+ Kxg7
23.g4 h5 24.h3 Kh6 25.Kg2 Kg5 26.f4+ Kh4 27.Rde1 exf4 28.Rxf4 Kg5 29.Rfe4 Kh6
30.b4 Ba7 31.Re7 R8f7 32.Rxf7 Rxf7 33.Re6+ Kg5 34.Rxd6 hxg4 35.hxg4 Re7 36.Re6 Rxe6
37.Bxe6 Kf4 38.Bc8 b6 39.Kh3 a5 40.bxa5 bxa5 41.Kh4 Bc5 42.Kh5 Be7 43.Kg6 Ke5
44.c4 a4 45.Kf7 Bg5 46.Be6 Kd6 47.Kg6 Be7 48.Kf5  1-0

[Event "Dos Hermanas Internet KO"]
[Site "ICC INT"]
[Date "2005.03.26"]
[Round "1.3"]
[White "Wang Rui"]
[Black "Bocharov,D"]
[Result "1-0"]
[WhiteElo "2478"]
[BlackElo "2585"]

1.e4 c5 2.Nf3 Nc6 3.d4 cxd4 4.Nxd4 e6 5.Nc3 Qc7 6.Be3 Nf6 7.f3 a6 8.Qd2 b5
9.O-O-O Ne5 10.Kb1 Be7 11.Qe1 b4 12.Na4 Rb8 13.f4 Nc4 14.e5 Nd5 15.Bc1 O-O
16.Bxc4 Qxc4 17.f5 Re8 18.Qg3 Bf8 19.h4 d6 20.f6 dxe5 21.fxg7 Bd6 22.Nf3 Bd7
23.b3 Qc7 24.Ng5 Bxa4 25.Rxd5 exd5 26.Nxh7 Re6 27.Ng5 Rc8 28.Qf2 Bc5 29.Qf5 Rg6
30.Nxf7 Be8 31.Qxg6 Qxf7 32.Qh6 Qxg7 33.Qe6+ Bf7 34.Qxc8+ Kh7 35.Qxc5  1-0

[Event "Dos Hermanas Internet KO"]
[Site "ICC INT"]
[Date "2005.03.26"]
[Round "1.4"]
[White "Ni Hua"]
[Black "Milanovic,Da"]
[Result "0-1"]
[WhiteElo "2625"]
[BlackElo "2447"]

1.e4 c5 2.Nf3 Nc6 3.Nc3 e6 4.d4 cxd4 5.Nxd4 Nf6 6.g3 Bc5 7.Nb3 Be7 8.Bg2 O-O
9.O-O d6 10.Bf4 a6 11.Qe2 Qc7 12.Rad1 Ne5 13.Bc1 b5 14.a3 Rb8 15.h3 b4 16.axb4 Rxb4
17.Nd4 Bb7 18.Qe1 Rc4 19.Kh2 Rc8 20.Nb3 Nc6 21.Nd2 Rd4 22.Nb3 Rxd1 23.Qxd1 Nb4
24.Qe2 e5 25.Rd1 h6 26.Be3 Qc4 27.Qxc4 Rxc4 28.Na5 Rc7 29.Nxb7 Rxb7 30.Rd2 Rc7
31.Bf1 Rc8 32.Kg2 Kf8 33.f3 Nd7 34.h4 Nf6 35.Kf2 Rb8 36.b3 Rc8 37.Bc4 Nd7
38.Na4 a5 39.Nb6 Nxb6 40.Bxb6 a4 41.Ba5 d5 42.exd5 a3 43.Bxb4 Bxb4 44.Rd1 Bc3
45.d6 a2 46.d7 Rd8 47.Bb5 a1=Q 48.Rxa1 Bxa1 49.Ke3 Bd4+ 50.Ke4 Ke7 51.Kd5 Bf2
52.c4 Bxg3 53.c5 f5 54.c6 e4 55.fxe4 fxe4 56.h5 e3 57.Be2 Bc7 58.b4 Rf8 59.Ke4 Rf4+
60.Kxe3 Rxb4 61.Bf3 Kd8 62.Ke2 Be5 63.Ke3 Kc7 64.Ke2 Bf6 65.Ke3 Rc4 66.Ke2 Rc3
67.Be4 Rc4 68.Kd3 Rxc6 69.Bxc6 Kxc6 70.d8=Q Bxd8 71.Ke4 Bf6 72.Kf5 Kd6 73.Kg6 Ke5
74.Kh7 Kf5 75.Kg8 Kg5 76.Kf7 Kxh5  0-1

[Event "Dos Hermanas Internet KO"]
[Site "ICC INT"]
[Date "2005.03.26"]
[Round "2.1"]
[White "Smeets,J"]
[Black "Bocharov,D"]
[Result "1-0"]
[WhiteElo "2475"]
[BlackElo "2585"]

1.e4 c5 2.Nf3 Nc6 3.Nc3 e6 4.d4 cxd4 5.Nxd4 Qc7 6.Be2 a6 7.O-O Nf6 8.Be3 Be7
9.f4 d6 10.a4 O-O 11.Kh1 Re8 12.Bf3 Bf8 13.g4 Nxd4 14.Bxd4 e5 15.Bg1 exf4
16.g5 Nd7 17.Nd5 Qd8 18.Bg2 Ne5 19.Rxf4 Be6 20.Qh5 Bxd5 21.exd5 g6 22.Qh4 Be7
23.Qg3 Bxg5 24.Rb4 Qe7 25.Rf1 Bf6 26.Qb3 Reb8 27.a5 Bg7 28.c4 Qd8 29.c5 dxc5
30.Bxc5 Rc8 31.Bd4 Rab8 32.Ba7 Ra8 33.Rxb7 Qxa5 34.d6 Rf8 35.Bd4 Kh8 36.d7 f6
37.Bb6 Qd2 38.Rd1 Qe2 39.d8=Q Raxd8 40.Bxd8 Ng4 41.Bb6 f5 42.Qf3 Qxb2 43.Bd4  1-0

[Event "7th Foxwoods Open"]
[Site "Connecticut USA"]
[Date "2005.03.27"]
[Round "8"]
[White "Onyekwere,C"]
[Black "Friedman,J"]
[Result "1-0"]
[WhiteElo "2075"]
[BlackElo "2194"]

1.e4 c5 2.Nf3 Nc6 3.Nc3 e6 4.d4 cxd4 5.Nxd4 a6 6.Be3 Qc7 7.Bd3 Nf6 8.O-O b5
9.h3 Bb7 10.Nf3 Be7 11.Nh2 Ne5 12.f4 Nc4 13.Bxc4 Qxc4 14.e5 Nd5 15.Nxd5 Bxd5
16.Qd2 Rc8 17.c3 f5 18.exf6 gxf6 19.f5 Rg8 20.Rf2 e5 21.b3 Qc6 22.Rd1 Be4
23.Qe2 Kd8 24.Kf1 Rg3 25.Kg1 Rxe3 26.Qxe3 Bc5 27.Qg3 Bxf5 28.Kf1 Bxf2 29.Qxf2 Bg6
30.Ng4 Ke7 31.Qh4 Kf7 32.Kg1 Kg7 33.Rxd7+ Kf8 34.Nxf6 Qc5+ 35.Kh2 Qe3  1-0

[Event "7th Foxwoods Open"]
[Site "Connecticut USA"]
[Date "2005.03.27"]
[Round "9"]
[White "Lewis,Ja"]
[Black "Zenyuk,I"]
[Result "1/2-1/2"]
[WhiteElo "2243"]
[BlackElo "2163"]

1.e4 c5 2.Nf3 e6 3.d4 cxd4 4.Nxd4 Nc6 5.Nc3 Qc7 6.Be2 a6 7.Be3 Nf6 8.f4 d6
9.O-O Be7 10.a4 O-O 11.Qe1 Nxd4 12.Bxd4 e5 13.Be3 Bd7 14.Qg3 Kh8 15.f5 Bc6
16.Qf3 d5 17.exd5 e4 18.Qf2 Bxd5 19.g4 Bc6 20.Bb6 Qe5 21.Bd4 e3 22.Qxe3 Qxe3+
23.Bxe3 Rfe8 24.g5 Bb4 25.gxf6 Rxe3 26.fxg7+ Kxg7 27.f6+ Kh6 28.Rf5 Bxc3
29.Kf2 Bd4 30.Rh5+ Kg6 31.Rg1+ Rg3+ 32.Kxg3 Bxg1 33.Kf4 Bd4 34.Rh3 Be5+ 35.Ke3 Re8
36.Bd3+ Kxf6 37.Rh6+ Kg5 38.Rxh7 Bxb2+ 39.Kd2 f5 40.h4+ Kg6 41.Rc7 Be5 42.h5+ Kxh5  1/2-1/2

[Event "Alpress Cup"]
[Site "Frydek Mistek CZE"]
[Date "2005.03.27"]
[Round "7"]
[White "Walach,M"]
[Black "Slovak,Pe"]
[Result "1-0"]
[WhiteElo "2377"]
[BlackElo "2128"]

1.e4 c5 2.Nf3 e6 3.d4 cxd4 4.Nxd4 Nc6 5.Nc3 Qc7 6.Be3 a6 7.Bd3 Nf6 8.O-O Ne5
9.h3 Bb4 10.f4 Nc4 11.Bxc4 Qxc4 12.e5 Nd5 13.Nxd5 Qxd5 14.Nb3 b5 15.Qxd5 exd5
16.Bc5 Bxc5+ 17.Nxc5 Ke7 18.f5 d6 19.f6+ gxf6 20.exf6+ Kd8 21.Nd3 h5 22.Rad1 Be6
23.Nb4 Kd7 24.Nxd5 Bxd5 25.Rxd5 Rh6 26.Rf2 Re8 27.a4 Re1+ 28.Kh2 Kc6 29.Rg5 Re6
30.axb5+ axb5 31.Rgf5 Re3 32.h4 b4 33.Rg5 Re6 34.Kg3 Re3+ 35.Kh2 Re6 36.Rgf5 Re3
37.g3 Rg6 38.Rg5 Re8 39.Rxh5 d5 40.Rhf5 d4 41.Kh3 b3 42.cxb3 d3 43.R5f3  1-0

[Event "ch-EU"]
[Site "Cork IRL"]
[Date "2005.03.28"]
[Round "7"]
[White "Brandenburg,D"]
[Black "Arakhamia,K"]
[Result "1/2-1/2"]
[WhiteElo "2343"]
[BlackElo "2454"]

1.e4 c5 2.Nf3 e6 3.d4 cxd4 4.Nxd4 Nc6 5.Nc3 Qc7 6.Be2 a6 7.O-O Nf6 8.Be3 b5
9.Nxc6 dxc6 10.f4 Bb7 11.Bf3 Rd8 12.Qe2 Be7 13.e5 Nd5 14.Nxd5 cxd5 15.Rfd1 O-O
16.c3 Rc8 17.Bd4 b4 18.Rac1 Qa5 19.cxb4 Bxb4 20.a3 Be7 21.Qe3 Qa4 22.Be2 a5
23.Kf2 g6 24.g3 Qd7 25.h4 h5 26.g4 Bxh4+ 27.Kg2 hxg4 28.Rh1 Rxc1 29.Qxc1 Rc8
30.Qd2 Qe7 31.Bxg4 a4 32.Bd1 Rc4 33.Kh3 Qd8 34.b3 axb3 35.Bxb3 Be7 36.Kg4 f5+
37.exf6 Bxf6 38.Bxf6 Qxf6 39.Bxc4 dxc4 40.Re1 Bd5 41.Re5 Qd8 42.Qb4 Qc7 43.Re3 Qa7
44.Rg3 Kf7 45.Qe1 Qd4 46.Qe5 Qd1+ 47.Kh4 Be4 48.Qc7+ Kf8 49.Qc8+ Kg7 50.Qc7+ Kf8
51.Qc8+ Kg7 52.Qc7+ Kf8 53.Qc8+  1/2-1/2

[Event "ch-EU"]
[Site "Cork IRL"]
[Date "2005.03.28"]
[Round "7"]
[White "Howell,D"]
[Black "Balogh,E"]
[Result "1/2-1/2"]
[WhiteElo "2348"]
[BlackElo "2111"]

1.e4 c5 2.Nc3 Nc6 3.Nge2 e6 4.d4 cxd4 5.Nxd4 a6 6.g3 Bc5 7.Nb3 Be7 8.a4 Nf6
9.Bg2 O-O 10.g4 d5 11.g5 Nxe4 12.Nxe4 dxe4 13.Qxd8 Rxd8 14.Bxe4 e5 15.Be3 Be6
16.Nc5 Bd5 17.O-O-O Bxe4 18.Nxe4 Rxd1+ 19.Rxd1 Rd8 20.Rxd8+ Nxd8 21.Kd2 f5
22.gxf6  1/2-1/2

[Event "Technomont Cup"]
[Site "Frydek Mistek CZE"]
[Date "2005.03.28"]
[Round "9"]
[White "Asauskas,H"]
[Black "Talla,V"]
[Result "1-0"]
[WhiteElo "2383"]
[BlackElo "2417"]

1.e4 c5 2.Nf3 e6 3.d4 cxd4 4.Nxd4 Nc6 5.Nc3 a6 6.Nxc6 bxc6 7.e5 Qc7 8.Bf4 Ne7
9.Be2 Nd5 10.Nxd5 cxd5 11.O-O d6 12.Re1 Be7 13.Bd3 O-O 14.Qg4 g6 15.h4 dxe5
16.Bxe5 Bd6 17.Bf6 Be7 18.Bxe7 Qxe7 19.Qd4 Re8 20.Re3 Rb8 21.a3 Bb7 22.Rae1 Qf8
23.h5 Qg7 24.Re5 a5 25.f4 Bc6 26.b3 Rec8 27.a4 Qf8 28.Qf2 Bd7 29.Qg3 Qg7
30.Qh4 f6 31.R5e3 g5 32.fxg5 fxg5 33.Qg3 Rf8 34.Qc7 Rbd8 35.Qxa5 Qf7 36.Qd2 Qxh5
37.Rh3 Qg4 38.Bxh7+ Kg7 39.Re5 Rf4 40.Qd3 Be8 41.Rg3  1-0

[Event "ch-RUS w 1st League"]
[Site "Samara RUS"]
[Date "2005.03.29"]
[Round "7"]
[White "Tomilova,E"]
[Black "Mashinskaya,I"]
[Result "1/2-1/2"]
[WhiteElo "2263"]
[BlackElo "2420"]

1.e4 c5 2.Nf3 e6 3.d4 cxd4 4.Nxd4 Nc6 5.Nc3 Qc7 6.Be3 a6 7.Be2 Nf6 8.O-O Bb4
9.Bg5 Ne5 10.f4 Nc4 11.Bxc4 Qxc4 12.Kh1 Bxc3 13.Bxf6 gxf6 14.bxc3 b5 15.a4 Bb7
16.axb5 Bxe4 17.Re1 f5 18.Nf3 Qxb5 19.Qd4 Rg8 20.Rxe4 fxe4 21.Qxe4 Qc6 22.Qxh7 O-O-O
23.Qd3 Kb7 24.Qf1 Ra8 25.Ne5 Qxc3 26.Nxd7 Kc7 27.Ne5 f6 28.Ra4 Kb6 29.Qg1+ Kb5
30.Rc4 Qxc4 31.Nxc4 Kxc4 32.Qe3 Rge8 33.Qd3+ Kc5 34.Qc3+ Kb5 35.Qxf6 a5 36.Qb2+ Ka6
37.Qa3 Red8 38.h4 Rac8 39.Qb3 Rd5 40.Kh2 Rc6 41.Qf3 Rdc5 42.h5 Rxc2 43.h6 e5
44.h7 Rh6+ 45.Kg1 Rc1+ 46.Kf2 Rc2+ 47.Kg3 exf4+ 48.Qxf4 Rxh7 49.Qd6+ Ka7
50.Qd4+ Kb8 51.Qd8+ Rc8 52.Qb6+ Rb7 53.Qxa5 Rg8+  1/2-1/2